| 000 | 00924nas a2200385 4500 | ||
|---|---|---|---|
| 001 | BR9208764 | ||
| 003 | BR-BrBNA | ||
| 005 | 20231205093148.0 | ||
| 007 | ta | ||
| 008 | 230509b bl.|||p| |||| 00| 00por d | ||
| 040 |
_aBR-BrBNA _bpor _cBiblioteca Nacional de Agricultura |
||
| 041 | _a(Pt) | ||
| 072 | _aH10; H20 | ||
| 100 | 1 | _aAnon. | |
| 245 | 1 | _aO time das pragas | |
| 650 | _aPRAGA DE PLANTA | ||
| 650 | _aDOENCA DE PLANTA | ||
| 650 | _aCONTROLE BIOLOGICO | ||
| 650 | _aBESOURO | ||
| 650 | _aCARACOL | ||
| 650 | _aLAGARTA | ||
| 650 | _aFORMIGA | ||
| 650 | _aLESMA | ||
| 650 | _aNEMATOIDE | ||
| 650 | _aPERCEVEJO | ||
| 650 | _aPULGAO | ||
| 650 | _aCOCHONILHA | ||
| 650 | _aFUNGO | ||
| 650 | _aBACTERIA | ||
| 650 | _aVIRUS | ||
| 650 | _aPRATICO | ||
| 773 | 0 |
_tGuia Rural (Brazil) _x _g(May 1991), p. 186-189 _wBR9208764 |
|
| 909 |
_a202311 _bLúcia _c55 _dLúcia Elande |
||
| 942 |
_2AGRIS _n0 _cANA |
||
| 999 |
_c136558 _d136558 |
||